000 00487nam a2200169Ia 4500
999 _c25618
_d25618
003 OSt
005 20210111140157.0
008 190216s9999||||xx |||||||||||||| ||und||
040 _coclc
082 _a894.8122
_bNAI/A
100 _aNair, Rairu
_98160
245 0 _aAbhijnana Sakunthalam /
_cRairu Nair
260 _bNational Books,
_c1983.
_aKottayam:
300 _a147p
650 _aMalayalam Nadakam
942 _cBK
_2ddc
_h894.8122
_iNAI/A
_k894.8122
_m894.8122